000
00288nam a22001337a 4500
008
181217b xxu||||| |||| 00| 0 eng d
020
_a
9780077545130
041
_a
eng
080
_a
336
100
_a
67
101
_a
FIN
245
_a
Accouting Financial
_c
David.S
942
_2
udc
_c
BK
999
_c
53267
_d
53267